000 00996nam0a22002651 4500
001 rc\2209380
005 20250623001752.0
035 _a(NLR Aleph) 006487732
090 _a6099955
_c6099955
100 _a20110829d1978 |||y0rusy50 ca
101 0 _arus
102 _aRU
105 _ay z |||||
200 1 _aКнига и книжное дело в СССР, 1922-1931 гг.
_f[Сост. Т.А. Подмазова, Л.А. Егорнова]
210 _aМосква
_cГБЛ
_d1978
215 _a338 с.
_d21
225 1 _aСоветская книга
_eУказ. лит. о кн. и кн. деле
_vЧ. 2
300 _aВ надзаг.: Гос. б-ка СССР им. В.И. Ленина, Отд. ред. кн.
700 1 _aПодмазова
_bТ.А.
_gТамара Алексеевна
701 1 _aЕгорнова
_bЛ.А.
_gЛюдмила Андреевна
801 0 _aRU
_bNLR
_gpsbo
801 1 _aRU
_bELAR
_2rusmarc
852 _aNLR
_jКн.132-420/С56
942 _cBOOK
980 _aNB